Wonderful Alexander and the Catwings / (Record no. 6235)

MARC details
000 -LEADER
fixed length control field 01251pam a2200373 a 4500
001 - CONTROL NUMBER
control field 6235
003 - CONTROL NUMBER IDENTIFIER
control field FISKH
005 - DATE AND TIME OF LATEST TRANSACTION
control field 20250403104928.0
008 - FIXED-LENGTH DATA ELEMENTS--GENERAL INFORMATION
fixed length control field 931215s1994 nyua j 000 1 eng
010 ## - LIBRARY OF CONGRESS CONTROL NUMBER
LC control number 93049397
020 ## - INTERNATIONAL STANDARD BOOK NUMBER
International Standard Book Number 053106851X
020 ## - INTERNATIONAL STANDARD BOOK NUMBER
International Standard Book Number 9780439551915
020 ## - INTERNATIONAL STANDARD BOOK NUMBER
International Standard Book Number 0531087018 (lib. bdg.)
040 ## - CATALOGING SOURCE
Original cataloging agency DLC
Transcribing agency DLC
Modifying agency DLC
Language of cataloging eng
050 ## - LIBRARY OF CONGRESS CALL NUMBER
Classification number PZ7.L5215 W
082 ## - DEWEY DECIMAL CLASSIFICATION NUMBER
Classification number 813.5
100 1# - MAIN ENTRY--PERSONAL NAME
Personal name Le Guin, Ursula K.,
Dates associated with a name 1929-2018.
245 10 - TITLE STATEMENT
Title Wonderful Alexander and the Catwings /
Statement of responsibility, etc. Ursula K. Le Guin ; illustrations by S.D. Schindler.
250 ## - EDITION STATEMENT
Edition statement This Orchard paperback edition, October 2006
260 ## - PUBLICATION, DISTRIBUTION, ETC.
Place of publication, distribution, etc. New York :
Name of publisher, distributor, etc. Orchard Books,
Date of publication, distribution, etc. 1994.
300 ## - PHYSICAL DESCRIPTION
Extent 48 pages :
Other physical details color illustrations ;
Dimensions 18 cm
500 ## - GENERAL NOTE
General note "A Richard Jackson book"--Half t.p.
505 ## - FORMATTED CONTENTS NOTE
Formatted contents note O<br/>
520 ## - SUMMARY, ETC.
Summary, etc. After being rescued by a flying cat, Alexander the cat decides to make good on a promise to do wonderful things.
521 8# - TARGET AUDIENCE NOTE
Target audience note 620<br/>
Source Lexile<br/>
521 8# - TARGET AUDIENCE NOTE
Target audience note O<br/>
Source Raz-Plus<br/>
650 #1 - SUBJECT ADDED ENTRY--TOPICAL TERM
Topical term or geographic name entry element Cats
Form subdivision Fiction.
655 #7 - INDEX TERM--GENRE/FORM
Genre/form data or focus term Fantasy fiction.
Source of term lcgft
655 #7 - INDEX TERM--GENRE/FORM
Genre/form data or focus term Action and adventure fiction.
Source of term lcgft
700 1# - ADDED ENTRY--PERSONAL NAME
Personal name Schindler, S. D.,
Relator term illustrator.
906 ## - LOCAL DATA ELEMENT F, LDF (RLIN)
a 7
b cbc
c orignew
d 1
e ocip
f 19
g y-gencatlg
942 ## - ADDED ENTRY ELEMENTS (KOHA)
Source of classification or shelving scheme Dewey Decimal Classification
Koha item type Books
Suppress in OPAC No
Holdings
Withdrawn status Lost status Source of classification or shelving scheme Damaged status Not for loan Collection Home library Current library Shelving location Date acquired Total Checkouts Full call number Barcode Date last seen Copy number Price effective from Koha item type
    Dewey Decimal Classification     Juvenile Fiction Footprints International School Library Network Toul Kork Campus Footprints International School Library Network Toul Kork Campus TK Primary Library Room(4th Floor), Bookcase 3&4, Shelves 17-32, Yellow Books 04/03/2025   GUI 813.5 PZ7.L5215 W FISTK00137 04/03/2025 1 04/03/2025 Books
    Dewey Decimal Classification     Juvenile Fiction Footprints International School Library Network Toul Tom Poung Campus Footprints International School Library Network Toul Tom Poung Campus TTP Primary Yellow Bookshelves 09/11/2025   GUI 813.5 PZ7.L5215 W FISBK00653 09/11/2025 2 09/11/2025 Books